Statistieken voor Schilderijen van Vermeer

Klik hier om de quiz te nemen!

Algemene statistieken

  • Deze quiz is 3 keer genomen
  • De gemiddelde score is 19 van 37

Antwoordstatistieken

Plaats van tentoonstellingSchilderij% Correct
AmsterdamHet melkmeisje
100%
Den HaagMeisje met de parel
100%
WenenAllegorie op de schilderkunst
67%
New YorkAllegorie op het geloof
67%
AmsterdamBrieflezende vrouw in het blauw
67%
DresdenBrieflezend meisje bij het venster
67%
ParijsDe astronoom
67%
Frankfurt am MainDe geograaf
67%
AmsterdamDe liefdesbrief
67%
LondenDe muziekles
67%
New YorkDe soldaat en het lachende meisje
67%
Den HaagDiana en haar gezelschap
67%
Den HaagGezicht op Delft
67%
BerlijnHet glas wijn
67%
AmsterdamHet straatje
67%
Washington, D.C.Meisje met de rode hoed
67%
LondenStaande virginaalspeelster
67%
LondenZittende virginaalspeelster
67%
EdinburghChristus in het huis van Martha en Maria
33%
New YorkDame en dienstbode
33%
BrunswijkDame en twee heren
33%
LondenDe gitaarspeelster
33%
ParijsDe kantwerkster
33%
DresdenDe koppelaarster
33%
New YorkDe luitspeelster
33%
Boston (gestolen)Het concert
33%
Washington, D.C.Meisje met de fluit
33%
New YorkMeisjeskopje
33%
New YorkOnderbreking van de muziek
33%
Washington, D.C.Schrijvende vrouw in het geel
33%
DublinSchrijvende vrouw met dienstbode
33%
TokioSint Praxedis
33%
New YorkSlapend meisje
33%
BerlijnVrouw met parelsnoer
33%
New YorkVrouw met waterkan
33%
Washington, D.C.Vrouw met weegschaal
33%
New YorkZittende vrouw aan het virginaal
33%

Scoreverdeling

Percentiel versus Aantal Correcte Antwoorden

Procent van Mensen met Elke Score

Uw Scoregeschiedenis

U heeft deze quiz nog niet genomen